00386 a2200121 450000100060000004000220000624000360002824500340006465000370009894200070013595201050014299900170024766238 cAnchieta - Pituba10aGincana interna Anchieta 2015l10aGincana interna Anchieta 2015 4aLínguas espanhola e portuguesa cMX 00104070a91.1b91.1d2023-11-21l0o460 G492 GINp21019/PITr2023-11-21 18:34:29w2023-11-21yMX c66238d66238